| 000 | 00476nam a22001697a 4500 | ||
|---|---|---|---|
| 999 |
_c525771 _d525771 |
||
| 003 | NUST | ||
| 020 | _qH/B | ||
| 038 | _awaseem | ||
| 082 |
_a891.4911 _bSHA |
||
| 100 |
_aShakib Wajdani _916712 |
||
| 245 |
_aEko Rajhan...... Baqi Kharay / _cShakib Wajdani |
||
| 260 |
_aLahore : _bAli Mian Publishers, _c2009. |
||
| 300 | _a240 p. ; | ||
| 880 |
_6100-01\r _aشکیب وجدانی |
||
| 880 |
_6245-02\r _aاِکو رانجھن۔۔۔۔باقی کھیڑے / |
||
| 942 |
_2ddc _cBK |
||